00459 2200169 4500245007300000020002200073250001100095100001600106100002300122650002200145005001900167260004300186041001400229084001000243300002700253336000900280 a100 Pikiran yang Mencerahkan dan Memperkaya HidupcEdi SusantohText a978-979-1782-62-1 aCet. 3 aEdi Susanto aNunik Siti Nurbaya aPengendalian Diri a20230220140559 aBandungbSimbiosa Rekatama Mediac2013 aIndonesia a153.8 axvi, 304 hlm. :cilus. atext